000 00286nam a2200109Ia 4500
008 200302s9999 xx 000 0 und d
100 _aSubhash C. Saxena
245 _aAirport Engineering Planning And Design
260 _bCBS Publishers & Distributors
260 _c2013
300 _a399 P
999 _c4237
_d4237